Mikrobiologická bezpečnosť čerstvých ovocných a zeleninových štiav bakalárska práca

Gespeichert in:
Bibliographische Detailangaben
1. Verfasser: Franko, Tomáš
Format: Buch
Sprache:Slowakisch
Veröffentlicht: Bratislava STU FCHPT 2018
Online-Zugang:Im OPAC anzeigen
Tags: Tag hinzufügen
Keine Tags, Fügen Sie das erste Tag hinzu!

MARC

LEADER 00000nam a2200000 a 4500
005 20260127133956.0
008 181008 2018 xo a 001 0 slo d
035 |a vtls011783451 
039 9 |y 201810081343  |z mschk03 
040 |a STUSCHK1  |b slo  |c STUSCHK1  |e AACR2 
100 1 |a Franko, Tomáš 
245 1 |a Mikrobiologická bezpečnosť čerstvých ovocných a zeleninových štiav  |b bakalárska práca  |c Tomáš Franko 
260 |a Bratislava  |b STU FCHPT  |c 2018 
300 |a 40 s.  |b il.  |c 25 cm 
500 |a Študijný program: výživa, kozmetika, ochrana zdravia 
500 |a Študijný odbor: potravinárstvo 
500 |a Školiace pracovisko: Oddelenie výživy a hodnotenia potravín 
500 |a Evid. číslo: FCHPT-104558-63667 
910 |a SCHK95 
999 |c 1273  |d 1273